000 00501nam a2200181Ia 4500
005 20250326124814.0
008 250326s9999 xx 000 0 und d
037 _aTextbook
040 _aFMSL
_beng
_cFMSL
041 _aeng
_2eng
084 _aX:89T K8
_qFMSL
100 _aCompton H K
_9128769
245 0 _aSupplies and materials management
_cCompton H K
260 _aLondon
_bLondon, Business Books
_c1968
300 _a437p
942 _cTB
_hX:89T K8
999 _c1275293
_d1275293